000
00298nam a22001337a 4500
008
210819b ||||| |||| 00| 0 eng d
041
_a
eng
080
_a
72
082
_a
72
100
_a
41
101
_a
NDE
245
_a
Ndërtimet prej Betoni të Armuar dhe Guri
_c
Daja,Sh
942
_2
udc
_c
BK
999
_c
58116
_d
58116